000
00222nam a22001097a 4500
020
_a
978-81-243-09469
082
_a
474
_b
JOS/G
245
_a
HITHOPATHESH
260
_a
MUMBAI
_b
NAVNEET
650
_a
STORY
_z
INDIA
942
_c
BK
999
_c
4693
_d
4693